Устройство сопряжения с объектом для программно-аппаратной идентификации; Молодежь и современные информационные технологии

Bibliographic Details
Parent link:Молодежь и современные информационные технологии.— 2012.— [С. 267-269]
Main Author: Таскаев Р. И.
Corporate Author: Национальный исследовательский Томский политехнический университет (ТПУ) Институт кибернетики (ИК) Кафедра интегрированных компьютерных систем управления (ИКСУ)
Other Authors: Рудницкий В. А. Владислав Александрович
Summary:Заглавие с титульного экрана
Language:Russian
Published: 2012
Series:Автоматизация и управление в технических системах
Subjects:
Online Access:http://www.lib.tpu.ru/fulltext/c/2012/C04/108.pdf
Format: Electronic Book Chapter
KOHA link:https://koha.lib.tpu.ru/cgi-bin/koha/opac-detail.pl?biblionumber=610070

MARC

LEADER 00000naa2a2200000 4500
001 610070
005 20260331144142.0
035 |a (RuTPU)RU\TPU\conf\7654 
035 |a RU\TPU\conf\7653 
090 |a 610070 
100 |a 20141225d2012 k y0rusy50 ca 
101 0 |a rus 
102 |a RU 
135 |a drcn ---uucaa 
181 0 |a i  
182 0 |a b 
200 1 |a Устройство сопряжения с объектом для программно-аппаратной идентификации  |f Р. И. Таскаев, В. А. Рудницкий 
203 |a Текст  |c электронный 
225 1 |a Автоматизация и управление в технических системах 
300 |a Заглавие с титульного экрана 
320 |a [Библиогр.: с. 269 (3 назв.)] 
337 |a Adobe Reader 
463 0 |0 (RuTPU)RU\TPU\conf\6944  |t Молодежь и современные информационные технологии  |o сборник трудов X Международной научно-практической конференции студентов, аспирантов и молодых ученых, г. Томск, 13-16 ноября 2012 г.  |f Национальный исследовательский Томский политехнический университет (ТПУ) ; под ред. Е. А. Сикоры и др.  |v [С. 267-269]  |d 2012 
610 1 |a труды учёных ТПУ 
610 1 |a электронный ресурс 
610 1 |a сопряжение 
610 1 |a программно-аппаратная идентификация 
610 1 |a программное обеспечение 
610 1 |a Arduino 
610 1 |a объекты 
700 1 |a Таскаев  |b Р. И. 
701 1 |a Рудницкий  |b В. А.  |c специалист в области автоматического управления  |c доцент Томского политехнического университета, кандидат технических наук  |f 1968-  |g Владислав Александрович  |3 (RuTPU)RU\TPU\pers\26784 
712 0 2 |a Национальный исследовательский Томский политехнический университет (ТПУ)  |b Институт кибернетики (ИК)  |b Кафедра интегрированных компьютерных систем управления (ИКСУ)  |3 (RuTPU)RU\TPU\col\18701 
801 2 |a RU  |b 63413507  |c 20141225  |g RCR 
856 4 |u http://www.lib.tpu.ru/fulltext/c/2012/C04/108.pdf 
942 |c BK